00549nam a2200181Ia 450000500170000000800410001704000190005804100120007708200200008910000170010924500700012626000510019630000230024765000460027065100190031670000220033585000100035720230306105433.0131103s9999 xx 000 0 und d aLoreto College aEnglish a822.33bSHA-BAR aBarton, John 4aThe Wars of the rosescJohn Barton, collaboration with Peter Hall aLondonbBritish Broadcasting Corporationc1970 axxv,242p.b plates aShakespeare, Willam.The Wars of the roses aEnglish poetry aHall Peter; coll. aLCLIB